000 00317nam a2200133 i 4500
001 bg
100 1 _aRYBICKIJ, W. A.
245 0 _aAlmaznoje slifovanije tverdych splavov /
_cW. A. Rybickij.
260 _aKiev,
_c1980.
040 _cBPK
041 _apol
942 _cKS
008 s pl f |000 0 pol
999 _c20445
_d20445
856 _uhttp://koha.tu.koszalin.pl/cgi-bin/koha/opac-detail.pl?biblionumber=20445
_yKatalog online BPK